000 00331nam a22001457a 4500
008 230518b ||||| |||| 00| 0 eng d
020 _a9781418038724
041 _aeng
080 _2SECOND EDITION
_a159.9
082 _a159.9OTO
100 _a25
101 _aPSI
245 _aPSYCHIATRIC NURSING
_cOTONG-A.D
942 _2udc
_cBK
999 _c59780
_d59780